LEADER 00959nam0-22003251i-450- 001 990004763880403321 005 20101028131752.0 035 $a000476388 035 $aFED01000476388 035 $a(Aleph)000476388FED01 035 $a000476388 100 $a19990604g19089999km-y0itay50------ba 101 0 $alat 102 $aDE 105 $ay-------001yy 200 1 $aDe iuris sacri interpretibus Atticis$fscripsit Philippus Ehrmann 210 $aGissae [i.e. Giessen]$cA. Töpelmann$d1908 215 $a347-408 p.$d23 cm 225 1 $aReligionsgeschichtliche Versuche und Vorarbeiten$v4.3 610 0 $aReligione greca 610 0 $aReligione romana$aStudi 676 $a292.07 700 1$aEhrmann,$bPhilipp$0182414 801 0$aIT$bUNINA$gRICA$2UNIMARC 901 $aBK 912 $a990004763880403321 952 $a292.07 EHR 1$bBibl. 24448$fFLFBC 959 $aFLFBC 996 $aDe iuris sacri interpretibus Atticis$9560149 997 $aUNINA LEADER 00821nam0-22002891i-450- 001 990006496970403321 005 20001010 035 $a000649697 035 $aFED01000649697 035 $a(Aleph)000649697FED01 035 $a000649697 100 $a20001010d--------km-y0itay50------ba 101 0 $aita 105 $ay-------001yy 200 1 $aSouth Africa's Transkei$eThe Political Economy of an'Independent' Bantustan$fRoger J. Southall 210 $aLondon-Nairobi-Ibedan$cHeinemann$d1982. 215 $aXII, 338 p.$d22 cm 676 $a338.96 700 1$aSouthall,$bRoger J.$0244691 801 0$aIT$bUNINA$gRICA$2UNIMARC 901 $aBK 912 $a990006496970403321 952 $aXIV E 2113$b22043$fFSPBC 959 $aFSPBC 996 $aSouth Africa's Transkei$9654275 997 $aUNINA DB $aGEN01 LEADER 01111nam0-2200373---450 001 990008604230403321 005 20210517125130.0 010 $a978-0-89118-162-0 010 $a0-89118-162-8 035 $a000860423 035 $aFED01000860423 035 $a(Aleph)000860423FED01 035 $a000860423 100 $a20080122d2007----km-y0itay50------ba 101 0 $aeng 102 $aUS 105 $aa-------001yy 200 1 $aIrrigation of agricultural crops$fco-editors, R.J. Lascano, R.E. Sojka 205 $a2nd ed. 210 $aMadison$cAmerican Society of Agronomy$cCrop Science Society of America$cSoil Science Society of America$d2007 215 $aXXIII, 664 p.$cill.$d24 cm 225 1 $aAgronomy$v30 610 0 $aIrrigazione 676 $a631.7$v20$zita 676 $a631.587$v23$zita 702 1$aLascano,$bRobert J. 702 1$aSojka,$bRobert E. 801 0$aIT$bUNINA$gRICA$2UNIMARC 901 $aBK 912 $a990008604230403321 952 $a60 631.587 LASR 2007$b11087$fFAGBC 959 $aFAGBC 996 $aIrrigation of agricultural crops$9712486 997 $aUNINA